Normal view
MARC view
Entry Topical Term
001 - CONTROL NUMBER
- control field: 38724
003 - CONTROL NUMBER IDENTIFIER
- control field: ARRUPE
005 - DATE AND TIME OF LATEST TRANSACTION
- control field: 20180118115655.0
008 - FIXED-LENGTH DATA ELEMENTS
- fixed length control field: 180118|| aca||aabn | a|a d
040 ## - CATALOGING SOURCE
- Original cataloging agency: ARRUPE
- Transcribing agency: ARRUPE
150 ## - HEADING--TOPICAL TERM
- Topical term or geographic name as entry element: Theology
670 ## - SOURCE DATA FOUND
- Source citation: Work cat.: (ARRUPE)0: Lossky, Vladimir, 1903-1958. 38571, A l'image et à la ressemblance de Dieu., 1967.